000 00662nam a22001817a 4500
005 20100809163210.0
010 _aENG-99104
020 _a9788172085971
_c25.00
035 _aEN-82636
037 _bDBAD/PUB
082 _a181.498
245 _aSamasta lokah sukhino bhavantu /
260 _aAndhra Pradadesh
_bThe Convener,Sri Sathya Sai Books & Publications Trust Prasanthi Nilayam
_c2008
270 _bPrasanthi Nilayam
_e515134
300 _a130p.
_c20cm (pbk)
942 _2ddc
_cEN
_h181.498
_mSAM
999 _c40464
_d40464